[Event "SuperUnited Blitz 2023"]
[Site "Zagreb CRO"]
[Date "2023.07.09"]
[Round "14.4"]
[White "Nepomniachtchi, I."]
[Black "Saric, Iv"]
[Result "1-0"]
[WhiteElo "2779"]
[BlackElo "2657"]
[PlyCount "79"]
[EventDate "2023.07.08"]
[EventType "blitz"]

1. Nf3 d5 2. b3 Bg4 3. Bb2 Bxf3 4. gxf3 e6 5. e3 Nf6 6. c4 c6 7. Nc3 Nbd7 8. d4 g6 9. Bg2 Bg7 10. O-O O-O 11. f4 Re8 12. Rc1 a6 $146 ({RR} 12... Nb6 13. Qd3 Nc8 14. Nb1 {½-½ (14) Polugaevsky,L (2635)-Sveshnikov,E (2510) Sochi 1976}) 13. Qe2 Nb6 14. Rfd1 Nc8 15. Na4 Nd6 16. Nc5 Nd7 17. Nd3 Nf5 18. Ne5 Nxe5 19. dxe5 Qh4 20. b4 f6 21. exf6 Bxf6 22. Bxf6 Qxf6 23. a4 Rad8 24. b5 axb5 25. axb5 Nh4 26. Bh1 e5 27. cxd5 exf4 28. dxc6 Rxd1+ 29. Rxd1 fxe3 30. c7 Qg5+ 31. Kf1 Qf5 32. Bd5+ Kf8 33. f3 b6 34. Bc6 Rc8 35. Rd8+ Kg7 36. Rd7+ Kf8 37. Qxe3 Qh3+ 38. Ke2 Qxh2+ 39. Kd3 Nf5 40. Qe6 1-0

[Event "Aimchess Rapid Div 3 W"]
[Site "chess.com INT"]
[Date "2023.07.10"]
[Round "1.2"]
[White "Meier, Geo"]
[Black "Mekhitarian, K."]
[Result "1-0"]
[WhiteElo "2629"]
[BlackElo "2537"]
[PlyCount "93"]
[EventDate "2023.07.10"]
[EventType "rapid"]

1. Nf3 d5 2. g3 Bg4 3. Bg2 Nd7 4. h3 Bxf3 5. Bxf3 c6 6. O-O e6 ({RR} 6... e5 7. d4 e4 8. Bg2 Bd6 9. c4 Ne7 10. Nc3 O-O 11. Qb3 Qb6 12. Qa4 Qb4 13. Qxb4 Bxb4 14. Bf4 Nb6 15. cxd5 cxd5 16. Rfc1 Nc6 17. e3 Rac8 18. h4 f5 19. a3 Bxc3 20. Rxc3 Kf7 21. Rac1 {Grischuk,A (2745)-Durarbayli,V (2612) Almaty KAZ 2022 ½-½ (52)}) ({RR} 6... Ngf6 7. d3 e5 8. e4 dxe4 9. dxe4 Bc5 10. Nd2 O-O 11. a4 a5 12. Qe2 Qe7 13. Nc4 Ne8 14. h4 Nd6 15. Bg5 f6 16. Bd2 Nxc4 17. Qxc4+ Qf7 18. Be2 Rfd8 19. Rad1 Qxc4 20. Bxc4+ Kf8 21. Kg2 {Meier,G (2608)-Kuybokarov,T (2602) chess.com INT 2024 ½-½ (52)}) 7. d3 Ngf6 8. Nd2 ({RR} 8. Bg2 Be7 9. e4 O-O 10. Qe2 Qc7 11. f4 dxe4 12. dxe4 Bc5+ 13. Kh2 Rfd8 14. Nd2 Nf8 15. e5 Nd5 16. Ne4 Be7 17. a3 b5 18. c4 bxc4 19. Qxc4 Rab8 20. Rf2 Qb6 21. Rc2 Rbc8 22. Qe2 Ng6 {Kushko,D (2454)-Ohler,J (2300) chess.com INT 2025 1-0 (46)}) 8... Bc5 $146 ({RR} 8... Bd6 9. e4 O-O 10. Bg2 Qe7 11. Qe2 a5 12. a4 Rfd8 13. f4 dxe4 14. dxe4 e5 15. f5 Nc5 16. g4 h6 17. h4 Nh7 18. Nf3 Nf6 19. Nh2 Nh7 20. Nf3 Nf6 21. Nh2 Nh7 22. g5 hxg5 23. hxg5 {Salman,P (2253)-Zabolotnov,E (2047) St Petersburg 2018 1-0}) 9. e3 O-O 10. Qe2 e5 11. e4 Re8 12. h4 a5 13. a4 Bb6 14. Nb3 h6 15. Bd2 Nf8 16. Bc3 Qc7 17. Kg2 Rad8 18. Rae1 d4 19. Bd2 c5 20. c4 dxc3 21. Bxc3 Ne6 22. Nd2 Nd4 23. Bxd4 Rxd4 24. Nc4 Qc6 25. Qc2 Bc7 26. Qb3 Red8 27. Rd1 b6 28. h5 Qe6 29. Qc2 Qd7 30. Be2 g6 31. Rh1 Kg7 32. b3 Qe6 33. Qc1 Rh8 34. Rh4 Bd8 35. hxg6 fxg6 36. Rf1 h5 37. f4 exf4 38. Rhxf4 Rf8 39. Qe3 Bc7 40. R4f2 Rdd8 41. Qg5 Nh7 42. Qe3 Rxf2+ 43. Rxf2 Be5 44. Rf1 Rf8 45. Rxf8 Nxf8 46. Qg5 Nd7 47. Bxh5 1-0

[Event "Aimchess Rapid Div 3 W"]
[Site "chess.com INT"]
[Date "2023.07.10"]
[Round "1.2"]
[White "Kramnik, V."]
[Black "Bluebaum, M."]
[Result "1-0"]
[WhiteElo "2753"]
[BlackElo "2672"]
[PlyCount "89"]
[EventDate "2023.07.10"]
[EventType "rapid"]

1. Nf3 d5 2. g3 Nf6 3. Bg2 e6 4. O-O Bd6 5. d4 O-O 6. c4 Nc6 7. b3 dxc4 8. bxc4 e5 9. c5 Be7 10. dxe5 Qxd1 11. Rxd1 Ne4 12. Ba3 ({RR} 12. Nbd2 Nxc5 13. Ba3 Bg4 14. Rac1 Ne6 15. Bxe7 Nxe7 16. h3 Bh5 17. g4 Bg6 18. Nh4 c6 19. Nc4 Rfd8 20. Nd6 Rab8 21. e3 f6 22. Nhf5 Kf8 23. exf6 gxf6 24. f4 Bxf5 25. gxf5 Nc7 26. e4 Ncd5 {Matta,N (2286)-Bluebaum,M (2655) chess.com INT 2024 0-1 (62)}) 12... Bxc5 13. e3 $146 ({RR} 13. Bxc5 Nxc5 14. Nc3 Be6 15. Nb5 Bc4 16. Nxc7 Rac8 17. Rdc1 Na5 18. Nd2 Rxc7 19. Nxc4 Nab3 20. axb3 Nxb3 21. Rcb1 Nxa1 22. Ne3 Rfc8 23. Rxa1 Rc1+ 24. Rxc1 Rxc1+ 25. Nf1 b5 26. Bd5 a5 27. f4 a4 {Giri,A (2777)-Artemiev,V (2699) chess24.com INT 2021 0-1 (35)}) ({RR} 13. Bxc5 Nxc5 14. Nc3 Be6 15. Ng5 Nxe5 16. f4 Ng4 17. Nce4 Nxe4 18. Bxe4 h6 19. Nxe6 fxe6 20. Bxb7 Rad8 21. Rac1 Rxd1+ 22. Rxd1 e5 23. Bd5+ Kh8 24. Bf3 Ne3 25. Rc1 exf4 26. Rxc7 fxg3 27. hxg3 a6 {Sharif,M (2318)-Kosten,A (2372) Prague CZE 2025 ½-½ (37)}) 13... Bg4 14. Rc1 Rfd8 15. h3 Bxa3 16. Nxa3 Be6 17. Rab1 Rab8 18. Nd4 Nxd4 19. exd4 Rxd4 20. Nb5 Ra4 21. Nxc7 Bxa2 22. Rb2 Ng5 23. f4 Ne6 24. Nb5 Bc4 25. Nd6 Ba6 26. f5 Nd4 27. Kh2 Ra5 28. Rd1 Nxf5 29. Nxf5 Rxe5 30. Nd6 Rd8 31. Nxf7 Rxd1 32. Nxe5 b5 33. Nc6 Ra1 34. Rf2 g5 35. Bd5+ Kg7 36. Rf7+ Kh6 37. Be4 Ra2+ 38. Kg1 Ra1+ 39. Kf2 Ra2+ 40. Ke1 Re2+ 41. Kxe2 b4+ 42. Kd1 g4 43. h4 Be2+ 44. Kxe2 b3 45. Rxh7# 1-0

[Event "Aimchess Rapid Div 3 W"]
[Site "chess.com INT"]
[Date "2023.07.10"]
[Round "2.2"]
[White "Meier, Geo"]
[Black "Dominguez Perez, L."]
[Result "1-0"]
[WhiteElo "2629"]
[BlackElo "2739"]
[PlyCount "85"]
[EventDate "2023.07.10"]
[EventType "rapid"]

1. Nf3 d5 2. g3 c5 3. Bg2 Nc6 4. d4 Nf6 5. O-O e6 6. c4 dxc4 7. dxc5 Qxd1 8. Rxd1 Bxc5 9. Nfd2 Na5 10. Na3 Bxa3 11. bxa3 Bd7 12. Bb2 Rc8 13. Rdc1 b6 14. Bc3 ({RR} 14. Rab1 O-O 15. Bc3 Nd5 16. Bxa5 c3 17. Bxd5 cxd2 18. Bxd2 exd5 19. Kf1 Rc4 20. Ke1 Re8 21. Rxc4 dxc4 22. Bc3 f6 23. Rd1 Bg4 24. Rd2 h5 25. Kd1 Kf7 26. f3 Be6 27. Rd4 Rc8 28. h4 Ke8 {Meier,G (2628)-Duda,J (2726) chess.com INT 2023 ½-½ (47)}) 14... Nd5 $146 ({RR} 14... Rc7 15. Bxa5 bxa5 16. Nxc4 Ke7 17. Nxa5 Rhc8 18. Rxc7 Rxc7 19. Bf3 g5 20. e3 Rc3 21. Nb3 Ba4 22. Rb1 g4 23. Bd1 h5 24. Kf1 Ne4 25. Ke1 Ng5 26. Kd2 Ne4+ 27. Ke1 Ng5 28. Kd2 Ne4+ 29. Ke1 {Xu,X (2583)-Nihal,S (2606) Xingtai 2019 ½-½}) ({RR} 14... O-O 15. Bxa5 bxa5 16. Nxc4 Rc5 17. Nd6 Rxc1+ 18. Rxc1 Rb8 19. Nb7 e5 20. Nxa5 Rb2 {½-½ (20) Swinkels,R (2511)-Gaponenko,I (2335) Germany GER 2025}) 15. Bxg7 Rg8 16. Bd4 Ke7 17. e4 Nc6 18. Rxc4 Nxd4 19. Rxd4 Nc3 20. Bf1 Rgd8 21. e5 Bb5 22. Nb3 Bxf1 23. Kxf1 Rxd4 24. Nxd4 Nd5 25. Rd1 a6 26. Nf5+ Kf8 27. Rd3 Rc1+ 28. Kg2 Rc3 29. Rxc3 Nxc3 30. Nd4 Nxa2 31. Kf3 b5 32. Ke3 Nc3 33. Nc2 Nd1+ 34. Ke2 Nb2 35. Ke3 Nd1+ 36. Kd4 Ke8 37. f4 a5 38. Kc5 b4 39. axb4 axb4 40. Nxb4 Ne3 41. h3 h5 42. Nd3 Kf8 43. Nf2 1-0

[Event "Aimchess Rapid Div 3 L"]
[Site "chess.com INT"]
[Date "2023.07.10"]
[Round "1.1"]
[White "Pantsulaia, L."]
[Black "Alonso Rosell, A."]
[Result "1-0"]
[WhiteElo "2564"]
[BlackElo "2570"]
[PlyCount "89"]
[EventDate "2023.07.10"]
[EventType "rapid"]

1. Nf3 d5 2. c4 c6 3. g3 Nf6 4. Bg2 dxc4 5. O-O Nbd7 6. Qc2 b5 ({RR} 6... Nb6 7. a4 a5 8. Na3 Qd5 9. Ne1 Qh5 10. Nxc4 Nbd5 11. e4 Nb4 12. Qc3 Bh3 13. f3 e6 14. d4 Nd7 15. Bf4 Bxg2 16. Nxg2 Be7 17. Nd6+ Bxd6 18. Bxd6 Qg5 19. Ne3 Qd8 20. Rfe1 Nf6 21. Nc4 {Vitiugov,N (2688)-Tomashevsky,E (2684) Dagomys 2009 ½-½ (58)}) 7. b3 cxb3 8. Qxc6 b2 $146 ({RR} 8... Rb8 9. axb3 Bb7 10. Qc3 a6 11. Nd4 Bxg2 12. Kxg2 Rc8 13. Qa5 Qxa5 14. Rxa5 Nb8 15. Bb2 e6 16. f4 Bb4 17. Ra2 O-O 18. Nf3 Rfd8 19. Nc3 Nfd7 20. Ne4 f5 21. Nf2 Nc5 22. Rb1 Bxd2 23. Bxg7 {Jumabayev,R (2594)-Pantsulaia,L (2575) Batumi 2018 ½-½ (45)}) ({RR} 8... Rb8 9. axb3 a6 10. Qc2 Bb7 11. Nc3 e6 12. Bb2 Rc8 13. Qb1 Qb6 14. d4 Bb4 15. Rc1 O-O 16. Qd3 Rfd8 17. h3 h6 18. Qe3 Rc7 19. Qf4 Rdc8 20. Na2 Nd5 21. Qg4 f5 22. Qh5 N7f6 23. Qh4 {Arabidze,M (2457)-Durarbayli,V (2618) chess.com INT 2024 0-1}) 9. Bxb2 Rb8 10. Rc1 Bb7 11. Qc7 Qxc7 12. Rxc7 Nd5 13. Rc1 h5 14. Nd4 Rh6 15. Nxb5 Rb6 16. a4 a6 17. Bxd5 Bxd5 18. Nc7+ Kd8 19. Bd4 Rxb1 20. Nxd5 Rxc1+ 21. Rxc1 e6 22. Ne3 g6 23. f4 Ba3 24. Rc6 Bb2 25. Ba7 Ra8 26. Bb6+ Nxb6 27. Rxb6 Ba3 28. Rb7 Ke8 29. Nc4 Bc5+ 30. Kg2 Rc8 31. d3 Kf8 32. Ne5 Be7 33. Rb8 Rxb8 34. Nd7+ Ke8 35. Nxb8 Bd6 36. Nxa6 Kd7 37. Kf3 Kc6 38. d4 Kb6 39. Nc5 Bxc5 40. dxc5+ Kxc5 41. Ke4 f6 42. h3 Kb4 43. g4 hxg4 44. hxg4 Kxa4 45. g5 1-0

[Event "36th Leon GM 2023"]
[Site "Leon ESP"]
[Date "2023.07.08"]
[Round "1.4"]
[White "Vallejo Pons, F."]
[Black "Gelfand, B."]
[Result "1-0"]
[WhiteElo "2706"]
[BlackElo "2668"]
[PlyCount "87"]
[EventDate "2023.07.07"]

1. Nf3 c5 2. b3 Nf6 3. Bb2 Nc6 4. c4 d5 5. cxd5 Nxd5 6. Nc3 e5 7. e3 ({RR} 7. Qb1 Be7 8. e3 Be6 9. Bb5 f6 10. O-O Nxc3 11. dxc3 Qc7 12. Rd1 O-O 13. Bd3 f5 14. e4 f4 15. Bb5 Bf6 16. Bxc6 Qxc6 17. c4 Qc7 18. Bc3 Rae8 19. Qb2 Bf7 20. Rd3 Re7 21. Rad1 Bg6 {Carlsen,M (2852)-Erigaisi,A (2701) chess.com INT 2023 1-0 (50)}) 7... Nxc3 8. Bxc3 Bd6 9. Qb1 $146 ({RR} 9. Bb5 Qe7 10. Bxc6+ bxc6 11. d3 O-O 12. O-O Ba6 13. Qc2 Rad8 14. Rfd1 Rd7 15. Rac1 f6 16. Bb2 Rfd8 17. Ba3 Qe6 18. Bxc5 Bxc5 19. Qxc5 Bxd3 20. Qa5 Qd5 21. Qxd5+ Rxd5 22. Rxc6 Bb1 23. Rxd5 Rxd5 {So,W (2753)-Gelfand,B (2655) Amsterdam NED 2023 1-0 (45)}) ({RR} 9. Bb5 Bd7 10. Qb1 Qe7 11. Bd3 h6 12. O-O O-O 13. g3 Bh3 14. Re1 Qd7 15. Nh4 Ne7 16. f4 Nc6 17. f5 Be7 18. Nf3 Bf6 19. Be4 Rfe8 20. Qc2 Rac8 21. Kh1 Bg4 22. Ng1 Nd4 23. exd4 exd4 {Cicak,S (2493)-Willow,J (2459) Reykjavik ISL 2025 0-1}) 9... Qe7 10. Bd3 Bd7 11. Be4 O-O-O 12. a3 Nd4 13. b4 Nxf3+ 14. Bxf3 c4 15. Qe4 Be6 16. Bxe5 f5 17. Bxd6 Rxd6 18. Qe5 Rhd8 19. Rc1 Kb8 20. Rxc4 Qf6 21. Qxf6 gxf6 22. Rh4 R8d7 23. O-O Rxd2 24. Rh6 Bc4 25. Rc1 R2d6 26. h4 Rc7 27. Rh5 b5 28. Rxf5 a6 29. Rc3 Ka7 30. g4 Kb6 31. Kh2 a5 32. bxa5+ Kxa5 33. Kg3 Ka4 34. Be4 Ka5 35. Rh5 Rd1 36. Rxh7 Rg1+ 37. Kf4 Rxg4+ 38. Kxg4 Be2+ 39. f3 Rxc3 40. h5 Rxe3 41. Kf4 Rc3 42. h6 Rc1 43. Ra7+ Kb6 44. h7 1-0

[Event "Titled Tue 4th Jul Early"]
[Site "chess.com INT"]
[Date "2023.07.04"]
[Round "3"]
[White "Terry, R."]
[Black "Goryachkina, A."]
[Result "1-0"]
[WhiteElo "2520"]
[BlackElo "2557"]
[PlyCount "103"]
[EventDate "2023.07.04"]

1. Nf3 d5 2. e3 Nf6 3. b3 Bf5 4. Bb2 e6 5. Be2 h6 6. O-O Nbd7 7. d3 Be7 8. Nbd2 ({RR} 8. Ne5 O-O 9. f4 Bh7 10. Qe1 c5 11. g4 Nxe5 12. Bxe5 Nd7 13. Bb2 Bf6 14. Bxf6 Qxf6 15. Nd2 Qc3 16. Rc1 b5 17. Bf3 Rac8 18. Qf2 Nb6 19. Nb1 Qb2 20. a3 c4 21. bxc4 bxc4 22. d4 c3 {Bedoya Rosales,L (1874)-Sanchez Negreiros,J (2225) Cusco PER 2025 0-1 (53)}) 8... O-O 9. Re1 Bh7 ({RR} 9... a5 10. a3 c5 11. c4 a4 12. Bf1 Bh7 13. Rb1 Qa5 14. Qc2 b5 15. h3 Rfb8 16. cxd5 exd5 17. e4 axb3 18. Nxb3 Qa4 19. exd5 Nxd5 20. Ne5 Nxe5 21. Rxe5 Rd8 22. Qd1 c4 23. Nd4 Qxd1 24. Rxd1 {Narayanan,S (2668)-Yilmaz,M (2601) chess.com INT 2024 0-1 (33)}) 10. Bf1 c6 $146 ({RR} 10... a5 11. a4 c6 12. e4 dxe4 13. dxe4 Bb4 14. Qe2 Qe7 15. Red1 Rfd8 16. g3 Nc5 17. e5 Nd5 18. Nc4 Ne4 19. Nd4 Ndc3 20. Qf3 Ng5 21. Qg4 Rxd4 22. Rxd4 Bf5 23. Bxc3 Bxc3 24. Qe2 Bxd4 25. Rd1 {Tolush,A-Smyslov,V Moscow 1944 0-1 (33)}) 11. h3 a5 12. a3 b5 13. a4 bxa4 14. Rxa4 Nb6 15. Ra2 a4 16. Qa1 axb3 17. Nxb3 c5 18. Na5 Qc8 19. Rb1 Nbd7 20. Bc3 Bd6 21. Rbb2 Re8 22. Nb7 Rxa2 23. Qxa2 Bf8 24. Ne5 Nxe5 25. Bxe5 Nd7 26. Nd6 Bxd6 27. Bxd6 Qc6 28. Bg3 Ra8 29. Qb3 Bg6 30. Be2 Kh7 31. Kh2 Nf6 32. Be5 Nd7 33. Bg3 Nf6 34. Bf3 Ra1 35. Qc3 Rc1 36. Ra2 Qb6 37. Ra1 Rxa1 38. Qxa1 c4 39. Be2 cxd3 40. cxd3 Qb3 41. Qd4 Qc2 42. Bf1 Qb1 43. Kg1 Nd7 44. f3 Nb6 45. e4 dxe4 46. dxe4 Qb3 47. Kh2 Na4 48. Bf2 Nc3 49. Qd3 Qb1 50. Qc4 Nd1 51. Bd4 Nb2 52. Qb5 1-0

[Event "Titled Tue 4th Jul Early"]
[Site "chess.com INT"]
[Date "2023.07.04"]
[Round "7"]
[White "Demidov, M."]
[Black "Postny, E."]
[Result "1-0"]
[WhiteElo "2587"]
[BlackElo "2563"]
[PlyCount "97"]
[EventDate "2023.07.04"]

1. Nf3 d5 2. g3 c6 3. Bg2 Bg4 4. Ne5 Bh5 5. O-O Nd7 6. d4 Nxe5 7. dxe5 e6 8. h3 $146 ({RR} 8. c4 dxc4 9. Qc2 Qd4 10. Bf4 Bc5 11. Nc3 Bg6 12. Qa4 Bb6 13. Bxc6+ Kf8 14. Rad1 Qc5 15. Bxb7 Rb8 16. Rd7 Ne7 17. Be3 Qa5 18. Qxa5 Bxa5 19. Bxa7 Rd8 20. Rfd1 Ke8 21. Rxd8+ Bxd8 22. Nb5 Nf5 {Skvortsov,A (2298)-Begunov,K (2325) chess.com INT 2023 1-0}) 8... Bc5 9. Kh2 Ne7 10. f4 Bg6 11. Nd2 Nf5 12. Nb3 Ne3 13. Bxe3 Bxe3 14. Rf3 Bb6 15. a4 a5 16. Nd4 Qe7 17. c3 Be4 18. Re3 Bxg2 19. Kxg2 O-O 20. Qd3 Bxd4 21. Qxd4 c5 22. Qd2 Rfd8 23. Rd3 f5 24. exf6 Qxf6 25. Re3 d4 26. Re5 Ra6 27. c4 b6 28. Ra3 Ra7 29. Rb3 Rd6 30. Qd3 Rad7 31. Qe4 h6 32. h4 Kf7 33. Rd3 Kg8 34. Kh3 Qf7 35. Rf3 g6 36. g4 Kg7 37. h5 d3 38. exd3 Rd4 39. Qxg6+ Qxg6 40. hxg6 Rxd3 41. Rxd3 Rxd3+ 42. Kh4 Rb3 43. Rxe6 Rxb2 44. f5 Rh2+ 45. Kg3 Rc2 46. Rxb6 Rc3+ 47. Kh4 Rxc4 48. Rb7+ Kg8 49. f6 1-0

[Event "Titled Tue 4th Jul Early"]
[Site "chess.com INT"]
[Date "2023.07.04"]
[Round "10"]
[White "Svane, R."]
[Black "Martinez Alcantara, Jose Eduardo"]
[Result "1-0"]
[WhiteElo "2625"]
[BlackElo "2619"]
[PlyCount "109"]
[EventDate "2023.07.04"]

1. Nf3 c5 2. c4 Nc6 3. Nc3 g6 4. e3 Bg7 5. d4 d6 6. Be2 e6 7. O-O Nge7 8. dxc5 dxc5 9. Qxd8+ Nxd8 10. Ne4 b6 11. Nd6+ Kf8 12. Rb1 $146 ({RR} 12. Nxc8 Rxc8 13. Rb1 Nec6 14. Rd1 Ke7 15. Bd2 Nb7 16. Be1 Rhd8 17. Rxd8 Rxd8 18. b3 Nb4 19. Bxb4 cxb4 20. Rd1 Nd6 21. Nd4 Bxd4 22. Rxd4 Rc8 23. f3 a5 24. Kf2 Nb7 25. Rd2 Nc5 26. Bd1 f5 {Poloch,P (2292)-Andreev,E (2460) Ceske Budejovice 2015 ½-½ (41)}) 12... Bd7 13. b3 Bc6 14. Bb2 Bxb2 15. Rxb2 f6 16. Rd1 Nf7 17. Rbd2 Nc8 18. Nxf7 Kxf7 19. Ne1 e5 20. Nd3 Ne7 21. f4 exf4 22. Nxf4 g5 23. Bh5+ Ng6 24. Rd6 Rac8 25. Nd5 Bxd5 26. Rd7+ Ke6 27. R1xd5 Ne5 28. R5d6+ Kf5 29. Rxa7 Ra8 30. Rxa8 Rxa8 31. a4 g4 32. h3 gxh3 33. gxh3 Rb8 34. Kf2 Kg5 35. Bd1 h5 36. Bc2 h4 37. Be4 Nf7 38. Re6 Ne5 39. Ke2 Nf7 40. Bd5 Ne5 41. Re7 Rd8 42. Re6 Rb8 43. Kd2 Kf5 44. Rd6 Kg5 45. Kc3 Ng6 46. b4 cxb4+ 47. Kxb4 Ne7 48. Kb5 Nf5 49. Rxb6 Re8 50. e4 Nd4+ 51. Kc5 Ne2 52. a5 Nf4 53. a6 Nxh3 54. a7 Nf4 55. Rb8 1-0

[Event "Titled Tue 4th Jul Early"]
[Site "chess.com INT"]
[Date "2023.07.04"]
[Round "11"]
[White "Nakamura, Hi"]
[Black "Demidov, M."]
[Result "1-0"]
[WhiteElo "2787"]
[BlackElo "2587"]
[PlyCount "155"]
[EventDate "2023.07.04"]

1. Nf3 g6 2. b3 Bg7 3. d4 c5 4. Bb2 cxd4 5. Bxd4 Nf6 6. e3 Nc6 7. Bb2 O-O 8. Be2 d5 9. O-O Qc7 $146 ({RR} 9... Bf5 10. Nbd2 Qc7 11. c4 dxc4 12. Bxc4 Rad8 13. Qe2 e5 14. e4 Bg4 15. Qe3 Bxf3 16. Nxf3 Nd4 17. Rac1 Qe7 18. Nxd4 exd4 19. Bxd4 b6 20. Bxf6 Bxf6 21. Rcd1 Qa3 22. Qe2 Qc5 23. Bd5 Rfe8 24. Qc4 {Anatsky,A-Nikolaev,L (2299) Kiev 2002 ½-½}) ({RR} 9... Bg4 10. Nbd2 e6 11. c4 Qe7 12. h3 Bxf3 13. Nxf3 Rfd8 14. Qc2 Nb4 15. Qb1 dxc4 16. Bxc4 Nc6 17. Qc2 Nd5 18. Rad1 Bxb2 19. Bxd5 Bf6 20. Bxc6 Rdc8 21. Rd2 Rxc6 22. Qd1 Rac8 23. Qe2 Rd8 24. Rfd1 {Bora,S (2501)-Cofre Archibold,N (2226) chess.com INT 2025 ½-½ (106)}) 10. Nbd2 Rd8 11. c4 dxc4 12. Bxc4 Na5 13. Be2 Nc6 14. Rc1 Qa5 15. a3 Ne4 16. b4 Qf5 17. Bxg7 Kxg7 18. Rc2 a6 19. Qa1+ Nf6 20. Rc5 Qd7 21. Nc4 Qe8 22. Nb6 Rb8 23. h3 Kg8 24. Rcc1 Nd5 25. Nxd5 Rxd5 26. Bc4 Rd6 27. Ng5 Nd8 28. Ne4 Rc6 29. Qe5 Ra8 30. b5 Rb6 31. a4 axb5 32. Bxb5 Bd7 33. Bxd7 Qxd7 34. Rc7 Re6 35. Qc3 Qd5 36. Nc5 Rc6 37. Rxc6 Qxc6 38. Qb4 b6 39. Nd3 Qd6 40. Qxd6 exd6 41. Rb1 Rxa4 42. Rxb6 Ne6 43. Rxd6 Ra2 44. Ne5 Ra5 45. Nf3 Kg7 46. Rd7 h6 47. Kh2 Rc5 48. Kg3 Rc7 49. Rxc7 Nxc7 50. Nd2 Ne6 51. Kf3 Nc5 52. e4 Kf6 53. Ke3 Ne6 54. g3 h5 55. f4 Nc5 56. Kd4 Ne6+ 57. Ke3 Nc5 58. Nf3 Nb3 59. e5+ Ke7 60. Nd4 Nc5 61. Kf3 Nd3 62. Ke2 Nc5 63. Ke3 Na4 64. f5 gxf5 65. Nxf5+ Ke6 66. Kf4 Nc5 67. Ng7+ Kd5 68. Nxh5 Nd3+ 69. Kf5 Nxe5 70. Nf4+ Kd6 71. Kf6 Nf3 72. h4 Nh2 73. h5 Ng4+ 74. Kg5 Ne5 75. h6 Ke7 76. h7 f6+ 77. Kf5 Nf7 78. Ng6+ 1-0

[Event "Titled Tue 4th Jul Late"]
[Site "chess.com INT"]
[Date "2023.07.04"]
[Round "8"]
[White "Sargsyan, Shant"]
[Black "Sanal, V."]
[Result "1-0"]
[WhiteElo "2654"]
[BlackElo "2585"]
[PlyCount "117"]
[EventDate "2023.07.04"]

1. g3 d5 2. Nf3 g6 3. Bg2 Bg7 4. O-O e5 5. d3 Ne7 6. e4 O-O 7. Qe2 ({RR} 7. a4 a5 8. Na3 Nbc6 9. c3 h6 10. Nb5 Be6 11. Re1 Qd7 12. d4 dxe4 13. Nxe5 Nxe5 14. dxe5 Qxd1 15. Rxd1 Rad8 16. Be3 c6 17. Nd6 Bxe5 18. Nxb7 Rxd1+ 19. Rxd1 Rb8 20. Rd8+ Rxd8 21. Nxd8 Bb3 {Artemiev,V (2704)-Nepomniachtchi,I (2792) Moscow 2021 ½-½ (41)}) 7... Nbc6 ({RR} 7... d4 8. Nh4 c5 9. f4 f6 10. Nd2 Nbc6 11. f5 g5 12. Nhf3 Bd7 13. a4 Be8 14. Nb3 Qd6 15. Nfd2 Nb4 16. Nc4 Qc7 17. c3 Na6 18. h4 h6 19. Kf2 Rd8 20. cxd4 exd4 21. Rh1 Nc6 22. hxg5 {Lakshmi,C (1959)-Silvestre,C (1942) Chess.com INT 2022 0-1 (32)}) 8. c3 Re8 $146 ({RR} 8... a5 9. a4 h6 10. b3 Be6 11. Nbd2 Qd7 12. Ba3 Rfe8 13. c4 {½-½ (13) Nagy,E-Stork,W Harrachov 1967}) 9. b4 a6 10. a3 h6 11. Nbd2 g5 12. Bb2 Ng6 13. exd5 Qxd5 14. Nxg5 Qd8 15. Nge4 f5 16. Nc5 Kh7 17. Rfe1 Qf6 18. d4 e4 19. Nf1 b6 20. Nb3 Qf7 21. c4 f4 22. Bxe4 Bf5 23. Nfd2 Rad8 24. Qh5 Nce7 25. Nf3 Kg8 26. Rac1 Bxe4 27. Rxe4 fxg3 28. fxg3 Rf8 29. Nbd2 Nf5 30. Rce1 c5 31. Re6 Nfe7 32. bxc5 bxc5 33. Qxc5 Nf5 34. Qc6 Kh7 35. Qe4 Kg8 36. Kg2 Nge7 37. Rxe7 Nxe7 38. Qxe7 Qh5 39. Qe6+ Kh8 40. g4 Qa5 41. Qe3 Rb8 42. Bc3 Qxa3 43. Ra1 Qd6 44. d5 Rbe8 45. Bxg7+ Kxg7 46. Qd4+ Kh7 47. Qd3+ Kh8 48. c5 Qd7 49. h3 h5 50. Rxa6 Qg7 51. g5 Rf7 52. Rh6+ Kg8 53. Re6 Rxe6 54. dxe6 Re7 55. Qd8+ Kh7 56. Qd3+ Kg8 57. Qf5 Qb2 58. Qg6+ Kf8 59. Qf6+ 1-0

[Event "WCh Women 2023"]
[Site "Shanghai/Chongqing CHN"]
[Date "2023.07.16"]
[Round "8.1"]
[White "Ju, Wenjun"]
[Black "Lei, Tingjie"]
[Result "1-0"]
[WhiteElo "2564"]
[BlackElo "2554"]
[PlyCount "143"]
[EventDate "2023.07.05"]

1. Nf3 d5 2. e3 c5 3. b3 Nc6 4. Bb2 a6 5. g3 Qc7 ({RR} 5... Bf5 6. Bg2 Nf6 7. O-O e6 8. Nh4 Be4 9. f3 Bg6 10. d3 Bd6 11. Nxg6 hxg6 12. f4 Qe7 13. c4 Rd8 14. Nd2 Bc7 15. Qe2 O-O 16. Rad1 Rfe8 17. e4 dxc4 18. Nxc4 Nd4 19. Bxd4 Rxd4 20. Ne3 {Nakamura,H (2760)-Fedoseev,V (2686) Chess.com INT 2022 0-1 (42)}) 6. d4 $146 ({RR} 6. c4 dxc4 7. bxc4 e5 8. Nc3 Bd6 9. Nd5 Qd8 10. Bg2 Nge7 11. O-O O-O 12. Qb1 f6 13. Nh4 Kh8 14. f4 exf4 15. gxf4 Rb8 16. Qd1 b5 17. Nxe7 Nxe7 18. Kh1 Be6 19. cxb5 axb5 20. Rg1 Qd7 {Anton Guijarro,D (2669)-Yoo,C (2606) chess.com INT 2023 1-0 (31)}) ({RR} 6. Bg2 e5 7. Nc3 Nf6 8. d3 d4 9. Ne2 Bd6 10. O-O O-O 11. c3 dxe3 12. fxe3 Ng4 13. Qd2 f5 14. Ng5 Qe7 15. Nh3 g5 16. c4 Be6 17. Nc3 h6 18. Nd5 Qg7 19. Qe2 Rae8 20. Nf2 Nxf2 {Adewumi,T (2325)-Yoo,C (2603) chess.com INT 2024 0-1 (31)}) 6... cxd4 7. exd4 Bg4 8. Bg2 e6 9. O-O Nf6 10. Nbd2 Bd6 11. c4 O-O 12. a3 a5 13. h3 Bh5 14. Qe2 Rfd8 15. Rac1 dxc4 16. bxc4 Be7 17. Qe3 Rac8 18. Rfe1 Bg6 19. Qb3 Qb8 20. c5 Nd5 21. Nc4 a4 22. Qxa4 b5 23. cxb6 Nxb6 24. Nxb6 Qxb6 25. Ba1 Qa5 26. Qxa5 Nxa5 27. Rxc8 Rxc8 28. d5 Nb3 29. dxe6 fxe6 30. Be5 Bxa3 31. Re3 Bc2 32. Nd4 Nxd4 33. Rxa3 Nc6 34. Bxc6 Rxc6 35. Ra8+ Kf7 36. Ra7+ Ke8 37. Rxg7 Kf8 38. g4 Rc5 39. Bf6 Be4 40. Kh2 Rb5 41. Re7 Rb6 42. h4 Rb3 43. Rxe6 Bf3 44. g5 Bg4 45. Re7 Bf5 46. Kg2 Bh3+ 47. Kg1 Bf5 48. h5 Rh3 49. h6 Rd3 50. Kh2 Rh3+ 51. Kg2 Rd3 52. f3 Rd7 53. Re5 Bc2 54. f4 Rd5 55. Re7 Bf5 56. Kf2 Rd2+ 57. Ke3 Rd6 58. Rc7 Rd3+ 59. Ke2 Rd5 60. Bc3 Ke8 61. Kf2 Kf8 62. Bb4+ Ke8 63. Re7+ Kd8 64. Rf7 Ke8 65. Rf8+ Kd7 66. Bc3 Bg6 67. Rg8 Rd6 68. Be5 Rd2+ 69. Kf3 Rd3+ 70. Kg4 Rd1 71. Rxg6 hxg6 72. h7 1-0

[Event "Aimchess Rapid Div 1 L"]
[Site "chess.com INT"]
[Date "2023.07.12"]
[Round "2.2"]
[White "Iturrizaga Bonelli, Eduardo"]
[Black "Aronian, L."]
[Result "1-0"]
[WhiteElo "2617"]
[BlackElo "2742"]
[PlyCount "127"]
[EventDate "2023.07.11"]
[EventType "k.o."]

1. Nf3 g6 2. c4 Bg7 3. Nc3 e5 4. g3 f5 5. d4 e4 6. Ng5 ({RR} 6. Nh4 Nc6 7. e3 Nf6 8. Ng2 d6 9. Nf4 Ne7 10. h4 Bh6 11. Be2 c6 12. Bd2 d5 13. b4 dxc4 14. Bxc4 Ned5 15. Nfxd5 cxd5 16. Be2 O-O 17. Qb3 Rf7 18. a4 Bf8 19. a5 h6 20. b5 Be6 {Olsson,W (2372)-Murzin,V (2625) Montesilvano ITA 2023 ½-½ (71)}) ({RR} 6. Bg5 Nf6 7. Ng1 h6 8. Bxf6 Qxf6 9. e3 c5 10. Nd5 Qd8 11. Ne2 Nc6 12. Nef4 Kf7 13. Be2 cxd4 14. exd4 Nxd4 15. O-O d6 16. f3 exf3 17. Bxf3 Bd7 18. Bg2 Rc8 19. Nc3 Bc6 20. Nfd5 Be8 {Travesset Ribera,D (2095)-Moreno Sanchis,J (2217) Barcelona ESP 2024 1-0}) 6... Nc6 7. Be3 Nf6 8. Nh3 d6 $146 ({RR} 8... Na5 9. Qa4 b6 10. Bg5 O-O 11. e3 c6 12. b4 Nb7 13. Nf4 h6 14. Bxf6 Qxf6 15. Rc1 Nd8 16. c5 b5 17. Qb3+ Kh7 18. a4 a6 19. axb5 axb5 20. Bg2 d5 21. cxd6 Be6 22. Nxe6 Nxe6 23. O-O {Ondrejat,M (2059)-Tresnak,F (1859) Czech Republic 2011 1-0}) 9. Nf4 Ng4 10. h4 Nxe3 11. fxe3 Ne7 12. Bg2 h5 13. Ncd5 Rh6 14. Kf2 Ng8 15. b4 c6 16. Nc3 Nf6 17. Bh3 Kf8 18. Qb3 Qe7 19. c5 d5 20. b5 Kg8 21. bxc6 bxc6 22. Rab1 Kh7 23. Qa4 Qc7 24. Rb3 Ng8 25. Ra3 Bf6 26. Bg2 Bd8 27. Rb3 Kh8 28. Nd1 Qd7 29. Nc3 Qc7 30. a3 Qd7 31. Na2 a5 32. Nc3 Nf6 33. Bh3 Bc7 34. Ke1 Kg7 35. Kd2 Rh8 36. Rhb1 Kf7 37. R3b2 Rg8 38. Qd1 Ba6 39. Na4 Ra7 40. Nb6 Qe8 41. Qc2 Rg7 42. Qa4 Bb5 43. Qc2 Qd8 44. Na4 Rg8 45. Nc3 Bc4 46. Qa4 Qd7 47. Rb7 Rga8 48. R7b2 Qe8 49. Rb7 Qd7 50. R7b2 Bd8 51. Rf1 Qe8 52. Rfb1 Kg7 53. Rb7+ Kh6 54. Rxa7 Rxa7 55. Rb8 Qd7 56. Ne6 Qxe6 57. Rxd8 Kg7 58. Rd6 Qe7 59. Qxc6 Rb7 60. Rxf6 Rb2+ 61. Kc1 Rb3 62. Rxg6+ Kf7 63. Nxd5 Qd8 64. Qe6+ 1-0